Efektívne fungovanie hospodárskej organizácie v trhových podmienkach záverečná práca postgraduálneho štúdia

Salvato in:
Dettagli Bibliografici
Autore principale: Ondrišák, Štefan
Ente Autore: Vysoká škola ekonomická v Bratislave
Altri autori: Mokrý, Vladimír
Natura: Libro
Lingua:slovacco
Pubblicazione: Bratislava 1990
Tags: Aggiungi Tag
Nessun Tag, puoi essere il primo ad aggiungerne!!

MARC

LEADER 00000nam a2200000 4500
001 c034331
005 20230116095004.3
041 0 |a slo 
044 |a SK 
245 1 0 |a Efektívne fungovanie hospodárskej organizácie v trhových podmienkach  |b záverečná práca postgraduálneho štúdia  |c Štefan Ondrišák ; Ved. práce Vladimír Mokrý 
264 1 |a Bratislava  |c 1990 
300 |a 59 s. 
100 1 |a Ondrišák, Štefan 
700 1 |a Mokrý, Vladimír 
710 2 |a Vysoká škola ekonomická v Bratislave